LEADER 01335nam a2200277 i 4500 001 000000007043 003 CaOOAMICUS 005 20260331163206.0 008 020325s1984 it d u000 u ita u 040 $aSeMil$bita 245 12$aDizionario delle lingue italiana e tedesca /$crealizzato dal Centro Lessicografico Sansoni, sotto la direzione di Vladimiro Macchi. 246 01$aWörterbuch der Italienischen und Deutschen sprache 250 $a2. ed. corretta e ampliata 264 1$aFirenze ; Roma :$bSansoni ;$aWiesbaden :$bBrandstetter,$c1984. 300 $a2 v. ;$c31 cm. 490 1 $aI grandi dizionari Sansoni 650 4$aLingua tedesca - Dizionari, vocabolari, glossari, etc.$0(OLS)http://semarc/subject/696 700 1 $aMacchi, Vladimiro.$0(OLS)http://semarc/name/1017 774 0 $tItaliano-Tedesco.$w()92122 774 0 $tTedesco-Italiano.$w()92121 830 2$aI grandi dizionari Sansoni.$0(OLS)http://semarc/title/1595 996 $6245$aDizionario delle lingue italiana e tedesca$9(OLS)http://semarc/title/9429 996 $6246$aWörterbuch der Italienischen und Deutschen sprache$9(OLS)http://semarc/title/458938 996 $6264$aFirenze ; Roma :$bSansoni$9(OLS)http://semarc/publisher/30106 996 $6264$aWiesbaden :$bBrandstetter$9(OLS)http://semarc/publisher/31925